000
00251nam a2200097Ia 4500
001
639954
005
20250826153437.0
008
250824s9999 xx 000 0 und d
245
0
_a
VANYA DAYI ANTİK
_c
ANTON ÇEHOV
260
_b
ANTİK DÜNYA KLASİKLERİ
999
_c
639954
_d
639954